Geografía política de las finanzas : (Record no. 193366)
[ view plain ]
| 000 -LEADER | |
|---|---|
| campo de control de longitud fija | 01619nam a2200385 i 4500 |
| 001 - NÚMERO DE CONTROL | |
| campo de control | 193366 |
| 003 - IDENTIFICADOR DE NÚMERO DE CONTROL | |
| campo de control | ES-MaACL |
| 005 - FECHA Y HORA DE LA ÚLTIMA TRANSACCIÓN | |
| campo de control | 20250814065130.0 |
| 007 - CAMPO FIJO DE DESCRIPCIÓN FÍSICA--INFORMACIÓN GENERAL | |
| campo de control de longitud fija | ta |
| 008 - DATOS DE LONGITUD FIJA--INFORMACIÓN GENERAL | |
| campo de control de longitud fija | 231106b sp ||||| |||| 00| 0 spa d |
| 040 ## - FUENTE DE CATALOGACIÓN | |
| Lengua de catalogación | spa |
| Centro/agencia transcriptor | ES-MaACL |
| 080 ## - NÚMERO DE LA CLASIFICACIÓN DECIMAL UNIVERSAL | |
| Número de la Clasificación Decimal Universal | 336 |
| 080 ## - NÚMERO DE LA CLASIFICACIÓN DECIMAL UNIVERSAL | |
| Número de la Clasificación Decimal Universal | 911.3:33 |
| 100 1# - ENTRADA PRINCIPAL--NOMBRE DE PERSONA | |
| Nombre de persona | Fernández Cela, Juan Carlos |
| Término indicativo de función/relación | Autor |
| 9 (RLIN) | 234521 |
| 245 10 - MENCIÓN DEL TÍTULO | |
| Título | Geografía política de las finanzas : |
| Resto del título | tesis doctoral / |
| Número de parte o sección de la obra | Juan Carlos Fernández Cela ; director, Heriberto Cairo Carou |
| 260 ## - PUBLICACIÓN, DISTRIBUCIÓN, ETC. | |
| Lugar de publicación, distribución, etc. | Madrid : |
| Nombre del editor, distribuidor, etc. | Universidad Complutense de Madrid, Facultad de Ciencias Políticas y Sociología, |
| Fecha de publicación, distribución, etc. | 2023 |
| 300 ## - DESCRIPCIÓN FÍSICA | |
| Extensión | 416 páginas : |
| Otras características físicas | gráficos, mapas ; |
| Dimensiones | 30 cm |
| 336 ## - TIPO DE CONTENIDO | |
| Fuente | rdacontent |
| Término de tipo de contenido | Texto |
| 337 ## - TIPO DE MEDIO | |
| Fuente | rdamedia |
| Nombre/término del tipo de medio | sin mediación |
| 338 ## - TIPO DE SOPORTE | |
| Fuente | rdacarrier |
| Nombre/término del tipo de soporte | volumen |
| 502 ## - NOTA DE TESIS | |
| Nota de tesis | Tesis doctoral-Facultad de Ciencias Políticas y Sociología, UCM |
| 504 ## - NOTA DE BIBLIOGRAFÍA, ETC. | |
| Nota de bibliografía, etc. | Referencias bibliográficas |
| 650 #4 - PUNTO DE ACCESO ADICIONAL DE MATERIA--TÉRMINO DE MATERIA | |
| 9 (RLIN) | 12870 |
| Término de materia o nombre geográfico como elemento de entrada | Finanzas |
| 650 #7 - PUNTO DE ACCESO ADICIONAL DE MATERIA--TÉRMINO DE MATERIA | |
| Término de materia o nombre geográfico como elemento de entrada | Geografía económica |
| Fuente del encabezamiento o término | embne |
| 9 (RLIN) | 13077 |
| 700 1# - ENTRADA AGREGADA--NOMBRE PERSONAL | |
| 9 (RLIN) | 234522 |
| Nombre de persona | Cairo Carou, Heriberto |
| Término indicativo de función/relación | Director de tesis |
| 710 2# - ENTRADA AGREGADA--NOMBRE DE ENTIDAD CORPORATIVA | |
| 9 (RLIN) | 7118 |
| Nombre de entidad corporativa o nombre de jurisdicción como elemento de entrada | Universidad Complutense de Madrid. |
| Unidad subordinada | Facultad de Ciencias Políticas y Sociología |
| 852 ## - LOCALIZACIÓN | |
| Ubicación | ES-MaACL |
| Sublocalización o colección | R. 154789 |
| Ubicación en estantería | Depósito J |
| Número de control de estantería | N-9504 |
| itemnumber | 200809 |
| Anotaciones manuscritas | Dedicatoria autógrafa del autor |
| Donativo/Legado | Donación: Juan Carlos Fernández Cela |
| Encuadernación | Encuadernación rústica |
| 903 ## - NOMBRE PERSONAL DE DONANTE | |
| a | Fernández Cela, Juan Carlos |
| e | Donante |
| 9 | 234521 |
| 942 ## - ELEMENTOS DE ENTRADA SECUNDARIOS (KOHA) | |
| Suprimir en OPAC | No |
| Tipo de ítem Koha | Libro impreso |
| Estatus retirado | Estado de pérdida | Fuente del sistema de clasificación o colocación | Estado de daño | No para préstamo | Colección | Biblioteca de origen | Biblioteca actual | Ubicación en estantería | Fecha de adquisición | Fuente de adquisición | Número de control de estantería | Total de préstamos | Signatura topográfica completa | Código de barras | Visto por última vez | Tipo de ítem Koha | Nota pública |
|---|---|---|---|---|---|---|---|---|---|---|---|---|---|---|---|---|---|
| Clasificación decimal universal | Libros con dedicatorias | Biblioteca del Ateneo de Madrid | Biblioteca del Ateneo de Madrid | Depósito J | 06/11/2023 | Donación | Ateneísta | N-9504 | 101206076 | 06/11/2023 | Libro impreso | Dedicatoria autógrafa del autor |
